000
00315nam a22001337a 4500
999
_c
12013
_d
12013
020
_a
0-201-54448-2
082
_a
658.3
100
_a
Robin Evenden
245
_a
Management Skills making the most of people
260
_a
New York
_b
Addison Wesley
_c
2002
300
_a
374
650
_a
Management
942
_c
BK